Animal Adjectives Quiz Stats

 Plays Quiz not verified by Sporcle

Score 0/77 Timer 15:00
0 Plays Today
% Correct
Cat
97.9%
Dog
93.8%
Bird
91.7%
Bear
84.4%
Horse
83.3%
Fish
82.3%
Lion
77.1%
Pig
77.1%
Bull
74%
Fox
67.7%
Goat
67.7%
Wolf
67.7%
Ape
65.6%
Bee
63.5%
Sheep
63.5%
Ant
58.3%
Dolphin
58.3%
Rabbit
58.3%
Snake
55.2%
Bat
47.9%
Crab
44.8%
Frog
44.8%
Seal
43.8%
Ass
42.7%
Leopard
42.7%
Otter
42.7%
Chicken
41.7%
Rhinoceros
40.6%
Lizard
39.6%
Porcupine
37.5%
Worm
36.5%
Hare
34.4%
Kangaroo
34.4%
Wasp
33.3%
Buffalo
31.3%
Sea Horse
31.3%
Toad
28.1%
Anteater
27.1%
Squirrel
27.1%
% Correct
Butterfly
26%
Alligator
25%
Tortoise
25%
Hamster
24%
Mole
24%
Lobster
22.9%
Antelope
19.8%
Raccoon
18.8%
Reindeer
18.8%
Armadillo
16.7%
Gerbil
15.6%
Moth
15.6%
Sea Lion
15.6%
Hornet
14.6%
Mosquito
14.6%
Oyster
13.5%
Porpoise
13.5%
Flea
12.5%
Gibbon
12.5%
Cobra
11.5%
Wombat
11.5%
Calf
10.4%
Slug
9.4%
Dodo
8.3%
Leech
8.3%
Lemming
8.3%
Louse
8.3%
Shrew
7.3%
Tick
7.3%
Chamois
6.3%
Limpet
6.3%
Mite
6.3%
Opposum
6.3%
Barracuda
5.2%
Dormouse
5.2%
Sable
5.2%
Sturgeon
3.1%
Roebuck
2.1%

You're not logged in!

Compare scores with friends on all Sporcle quizzes.
OR
Log In

Show Comments

Extras

Top Quizzes Today


Score Distribution

Your Account Isn't Verified!

In order to create a playlist on Sporcle, you need to verify the email address you used during registration. Go to your Sporcle Settings to finish the process.

Report this User

Report this user for behavior that violates our Community Guidelines.

Details: